Comprehensive MCQ in Organic Chemistry (Record no. 11442)
[ view plain ]
| 000 -LEADER | |
|---|---|
| fixed length control field | 00391nam a22001577a 4500 |
| 003 - CONTROL NUMBER IDENTIFIER | |
| control field | OSt |
| 008 - FIXED-LENGTH DATA ELEMENTS--GENERAL INFORMATION | |
| fixed length control field | 220716b ||||| |||| 00| 0 eng d |
| 020 ## - INTERNATIONAL STANDARD BOOK NUMBER | |
| International Standard Book Number | 9789387593763 |
| 082 ## - DEWEY DECIMAL CLASSIFICATION NUMBER | |
| Classification number | 547 USC |
| 100 ## - MAIN ENTRY--PERSONAL NAME | |
| Personal name | USMAN,M.D. etc |
| 245 ## - TITLE STATEMENT | |
| Title | Comprehensive MCQ in Organic Chemistry |
| 260 ## - PUBLICATION, DISTRIBUTION, ETC. (IMPRINT) | |
| Place of publication, distribution, etc | Hyderabad |
| Name of publisher, distributor, etc | PharmaMed Press |
| Date of publication, distribution, etc | 2020 |
| 300 ## - PHYSICAL DESCRIPTION | |
| Extent | 160 |
| 650 ## - SUBJECT ADDED ENTRY--TOPICAL TERM | |
| Topical term or geographic name as entry element | Organic Chemistry |
| 942 ## - ADDED ENTRY ELEMENTS (KOHA) | |
| Source of classification or shelving scheme | Dewey Decimal Classification |
| Koha item type | Text Books |
| Withdrawn status | Lost status | Source of classification or shelving scheme | Damaged status | Not for loan | Collection code | Home library | Current library | Date acquired | Source of acquisition | Currency | Cost, normal purchase price | Bill Number | Total Checkouts | Full call number | Acc. no. / Barcode | Date last seen | Actual Cost, discounted price | Bill Date | Koha item type |
|---|---|---|---|---|---|---|---|---|---|---|---|---|---|---|---|---|---|---|---|
| Dewey Decimal Classification | B.Pharma | PIET C-LIBRARY | PIET C-LIBRARY | 16/07/2022 | B.S.P Books Pvt.Ltd | Indian Rup | 175.00 | 45533 | 547 USC | BP1873 | 16/07/2022 | 122.50 | 02/07/2022 | Reference Books | |||||
| Dewey Decimal Classification | B.Pharma | PIET C-LIBRARY | PIET C-LIBRARY | 16/07/2022 | B.S.P Books Pvt.Ltd | Indian Rup | 175.00 | 45533 | 547 USC | BP1874 | 16/07/2022 | 122.50 | 02/07/2022 | Text Books | |||||
| Dewey Decimal Classification | B.Pharma | PIET C-LIBRARY | PIET C-LIBRARY | 16/07/2022 | B.S.P Books Pvt.Ltd | Indian Rup | 175.00 | 45533 | 547 USC | BP1875 | 16/07/2022 | 122.50 | 02/07/2022 | Text Books | |||||
| Dewey Decimal Classification | B.Pharma | PIET C-LIBRARY | PIET C-LIBRARY | 16/07/2022 | B.S.P Books Pvt.Ltd | Indian Rup | 175.00 | 45533 | 547 USC | BP1876 | 16/07/2022 | 122.50 | 02/07/2022 | Text Books | |||||
| Dewey Decimal Classification | B.Pharma | PIET C-LIBRARY | PIET C-LIBRARY | 16/07/2022 | B.S.P Books Pvt.Ltd | Indian Rup | 175.00 | 45533 | 547 USC | BP1877 | 16/07/2022 | 122.50 | 02/07/2022 | Text Books |